01071nas a2200277Ia 4500001001600000003001000016008004100026040002500067041001300092100002000105210002400125222002400149245004000173250001100213260000900224501012300233300001400356362002600370500013200396650003000528700001100558942000700569957000600576999003300582952017800615A05/R053-51664 IT-MiCISF161014c99999999xx |||||||||||| ||und|| aIT-MiCISFcIT-MiCISF aITALIANO aGriffini Marco  aLemà sabactàni? aLemà sabactàni? 0aMosè: un'adozione per la salvezza a1a ed. c2011 bCISF - Centro Internazionale Studi Famiglia - Via Giotto, 36 20145 MILANO (non commercial uses only)cCopyright 2016 app. 11-86 an. 8, dicembre [2011] aRiccardi C., Chiminazzo P., Gozzini M., Monti S., Cozzi A., Chiodi M. Tema: adozione, bibbia, adozione-internazionale, teologia aADOZIONE, AFFIDOvdossier aAA.VV. cCR 71 a51664bSig1c246572d246572 0010406A_05_000000000000000_R0535166471aCISFbCISFd2016-10-14l0oA05/R053-51664 r2016-10-14 00:00:00w2016-10-14yCRzData import 15.10.2016 / by Epidotti, Vaglietti